geométrie dash levels - Statistiques

Statistiques générales
  • Ce quiz a été pris 48 fois
  • Le résultat moyen est 13 sur 26
Statistiques - réponses
Hint Réponse % Correct
Stereo Madness
95%
Jumper
74%
Back On Track
72%
Time Machine
69%
Cant Let Go
67%
Clubstep
64%
Dry Out
64%
Polargeist
64%
Base After Base
62%
Theory Of Everything
62%
Cycles
59%
Theory Of Everything 2
56%
Dash
54%
xStep
54%
Fingerdash
51%
Geometrical Dominator
49%
Hexagon Force
49%
Clutterfunk
46%
Deadlocked
46%
Electrodynamix
46%
Blast Processing
41%
Electroman Adventures
38%
The Tower The Tower
18%
The Tower The Cellar
15%
The Tower The Secret Hollow
10%
The Tower The Sewers
10%
Aucun quiz correspondant
Distribution des résultats
% des personnes avec chaque résultat
Percentile par nombre de réponses
Votre historique - résultats
Vous n’avez pas pris ce quiz